60 Random Countries on a Map - Statistics

General Stats
  • This quiz has been taken 46 times
  • The average score is 54 of 60
Answers on the Map
Answers color-coded by a green-red scale on the quiz's map according to % correct below.
 
Answer Stats
Answer % Correct
Argentina
100%
Canada
100%
Denmark
100%
Finland
100%
Iceland
100%
India
100%
India
100%
Iraq
100%
Madagascar
100%
Norway
100%
Papua New Guinea
100%
Albania
97%
Algeria
97%
Cuba
97%
Cyprus
97%
Czech Republic
97%
Iran
97%
Oman
97%
Peru
97%
Somalia
97%
Syria
97%
Taiwan
97%
Uzbekistan
97%
Yemen
97%
Indonesia
95%
Lebanon
95%
Maldives
95%
Mali
95%
Namibia
95%
North Korea
95%
Zambia
95%
Zimbabwe
95%
Armenia
92%
Belize
92%
Ghana
92%
Guinea
92%
Honduras
92%
Micronesia
92%
Nicaragua
92%
South Sudan
92%
Togo
92%
Bahamas
89%
Cape Verde
89%
Djibouti
89%
Marshall Islands
89%
Mozambique
89%
Nauru
89%
Palau
89%
Eswatini
86%
Gabon
86%
Gambia
86%
Tonga
86%
Liberia
84%
St. Kitts and Nevis
76%
St. Vincent and the Grenadines
73%
St. Lucia
70%
Brunei
68%
Barbados
65%
San Marino
49%
Liechtenstein
46%
No matching quizzes found
Score Distribution
Percent of People with Each Score
Percentile by Number Answered
Your Score History
You have not taken this quiz